It looks like you're offline.
Open Library logo
additional options menu

MARC record from Internet Archive

LEADER: 01034cam a2200265 a 4500
001 97223096
003 DLC
005 20100213084747.0
008 970722m19979999enk 000 1 eng d
010 $a 97223096
020 $a041371120X
035 $a(OCoLC)37411370
040 $aNjP$cNjP$dWU$dDLC
042 $alccopycat
050 00 $aPR6052.A729$bA6 1997
082 00 $a822/.914$221
100 1 $aBarry, Sebastian,$b1955-
240 10 $aPlays.$kSelections
245 10 $aPlays /$cSebastian Barry ; introduced by Fintan O'Toole ; with a preface by the author.
260 $aLondon :$bMethuen Drama ;$aPortsmouth, N.H. :$bDistributed in the United States by Heinemann,$c1997-
300 $av. <1- > ;$c18 cm.
440 0 $aMethuen contemporary dramatists
505 1 $a1. Boss Grady's boys ; Prayers of Sherkin ; White Woman Street ; The only true history of Lizzie Finn ; The steward of Christendom
700 1 $aO'Toole, Fintan,$d1958-
856 42 $3Publisher description$uhttp://www.loc.gov/catdir/enhancements/fy1006/97223096-d.html